| 000 | 00957nam a2200313 4500 | ||
|---|---|---|---|
| 001 | 374951 | ||
| 003 | DO-SdBNP | ||
| 005 | 20180222101950.0 | ||
| 007 | 374951 | ||
| 008 | 930112s1991 sp a |||| ||spa d | ||
| 016 | 7 | _2BPMSU | |
| 020 | _a8477226369 | ||
| 040 |
_aBPMSU _bspa _cBPMSU |
||
| 041 | 1 | _aspa | |
| 082 | 4 |
_axxx _bxxx |
|
| 100 | 1 | _aKushner, Ellen | |
| 240 | 1 | _aThe enchanted kingdom | |
| 245 | 1 | 3 |
_aEl reino encantado / _cEllen Kushner ; ilustraciones Judith Mitchell ; traducción Concha Cardeñoso |
| 260 |
_aBarcelona; _bTimun Más, _c1991. |
||
| 300 |
_a113 p., _bil.: _c19 cm, |
||
| 490 |
_aElige tu propia aventura _v60 |
||
| 500 | 4 | _aTraducción de: The enchanted kingdom | |
| 700 | 1 |
_aMitchell, Judith _d1951- _eilustraciones |
|
| 700 | 1 |
_aCardeñoso, Concha _d1956- _etraducción |
|
| 830 |
_pElige tu propia aventura _v60 |
||
| 942 |
_2ddc _cBK |
||
| 945 | _aInventariado, 2018/ YL | ||
| 956 |
_aVMATEO _210 _320151123 _6BPMSU _800151 |
||
| 999 |
_c8863 _d8863 |
||